Quiz mythologique : Dionysos. - Statistiques

Statistiques générales
  • Ce quiz a été pris 166 fois
  • Le résultat moyen est 6 sur 12
Statistiques - réponses
Questions Réponses % Correct
De quoi Dionysos est-il le dieu? Vin | Théâtre
96%
Père Zeus
96%
Sa mère étant morte avant sa naissance, son père s'entailla la _____ pour l'y placer et finir sa gestation. Cuisse
82%
Nom romain Bacchus
79%
Quels sont ses principaux attributs? Thyrse | Vigne | Masques
66%
Dionysos a vécu son enfance parmi ces créatures : Nymphes Hyades
38%
Quelle mortelle Dionysos éleva-t-il au rang de déesse après en avoir fait sa femme? Ariane
37%
Mère Sémélé
34%
Il est souvent représenté portant une couronne de ce végétal. Lierre
32%
Les Grecs puis les Romains lui rendaient un culte par ces orgies. Bacchanales
27%
Quel est l'animal favori du dieu? Panthère
27%
et a été élevé par ce satyre : Silène
11%
Aucun quiz correspondant
Distribution des résultats
% des personnes avec chaque résultat
Percentile par nombre de réponses
Votre historique - résultats
Vous n’avez pas pris ce quiz